书目信息 |
| 题名: |
中国书法入门教程
|
|
| 作者: | 周样 编著 | |
| 分册: | ||
| 出版信息: | 北京 北京工艺美术出版社 2020.4 |
|
| 页数: | 42页 | |
| 开本: | 26cm | |
| 丛书名: | ||
| 单 册: | ||
| 中图分类: | G634.955.1 | |
| 科图分类: | ||
| 主题词: | 书法课--小学--教材 | |
| 电子资源: | ||
| ISBN: | 978-7-5140-1850-9 | |
| 000 | 00861nam0 2200229 45 | |
| 001 | 012001003182 | |
| 005 | 20210923105400.30 | |
| 010 | @a978-7-5140-1850-9@dCNY38.00 | |
| 100 | @a20201017d2020 em y0chiy0110 ea | |
| 101 | 0 | @achi |
| 102 | @aCN@b110000 | |
| 105 | @aa z 000yy | |
| 106 | @ar | |
| 200 | 1 | @a中国书法入门教程@Azhong guo shu fa ru men jiao cheng@e第四册@f周样编著 |
| 210 | @a北京@c北京工艺美术出版社@d2020.4 | |
| 215 | @a42页@c照片,彩图@d26cm | |
| 330 | @a本书以唐代欧阳询的《九成宫醴泉铭》为范本,依据学习由易到难、由浅入深的原则,将范字做适当的编排,以便学生对书法的笔法特征及结构组合有全盘的认识。此外,还介绍了书体源流、书家故事、书法理论、书法常识及文房四宝等。 | |
| 606 | 0 | @a书法课@x小学@j教材 |
| 690 | @aG634.955.1@v5 | |
| 701 | 0 | @a周样@Azhou yang@4编著 |
| 801 | @aCN@bAHXH@c20210922 | |
| 905 | @b1283870-4@dG634.955.1@e2236:4@f5 | |
| 中国书法入门教程:第四册/周样编著.-北京:北京工艺美术出版社,2020.4 |
| 42页:照片,彩图;26cm |
| ISBN 978-7-5140-1850-9:CNY38.00 |
| 本书以唐代欧阳询的《九成宫醴泉铭》为范本,依据学习由易到难、由浅入深的原则,将范字做适当的编排,以便学生对书法的笔法特征及结构组合有全盘的认识。此外,还介绍了书体源流、书家故事、书法理论、书法常识及文房四宝等。 |
| ● |
| 相关链接 |
|
|
|
|
正题名:中国书法入门教程
索取号:G634.955.1/2236:4
 
预约/预借
| 序号 | 登录号 | 条形码 | 馆藏地/架位号 | 状态 | 备注 |
| 1 | 1283870 | 212838704 | 第一样本阅览室/ [索取号:G634.955.1/2236:4] | 在馆 | |
| 2 | 1283871 | 212838713 | 教育系资料室/ [索取号:G634.955.1/2236:4] | 在馆 | |
| 3 | 1283872 | 212838722 | 教育系资料室/ [索取号:G634.955.1/2236:4] | 在馆 | |
| 4 | 1283873 | 212838731 | 第四借阅区/ [索取号:G634.955.1/2236:4] | 在馆 | |
| 5 | 1283874 | 212838740 | 第四借阅区/ [索取号:G634.955.1/2236:4] | 在馆 |